000 00577nam a22001937a 4500
003 BUBTL
008 140201b xxu||||| |||| 00| 0 eng d
020 _a81-219-0968-6
082 _a658.5
_bGUP
100 _9159
_aGupta, Prem K.
245 _aProblems in operation research
_b: Principles and solutions
_c/ Prem K.Gupta & D. S. Hira
260 _aNew Delhi:
_bS. Chand,
_cc2001.
300 _a1078p.:
_bills.,
_c23 cm.
650 0 _9160
_aOperation Research
700 _9161
_aHira, D. S.
856 _k0
_l0
_yDownload
942 _2ddc
_cBK
999 _c120
_d120